000 00904nam a22002777a 4500
001 BR8401416
003 BR-BrBNA
005 20230928091907.0
007 ta
008 230509b bl.||||| |||| 00| 0 por d
040 _aBR-BrBNA
_bpor
_cBiblioteca Nacional de Agricultura
041 _a(Por)
072 _aD10; A50
_b2110
_b/G514
090 _ 2110 BR8401416
110 1 _aComissao Executiva do Plano da Lavoura Cacaueira, Belem, PA (Brasil). Depto. Especial da Amazonia
_92095
245 1 _aDesempenho programatico do DEPEA em 1983: problemas e perspectivas a curto prazo [Departamento Especial da Amazonia, cacau, Brasil]
260 3 _aBelem, PA (Brasil):
_c1984.
300 _a17 p.
650 _aCACAU
650 _aINSTITUICAO AGRICOLA
650 _aPROGRAMA DE PESQUISA
650 _aPROJETO DE PESQUISA
650 _aAMAZONIA
909 _a202309
_bLucia
_c55
_dLucia Elande
942 _cBK
999 _c36077
_d36077